Kúpeľe Piešťany Hôtel Thermia
Zobrazenie: Pohľad v bielom orámovaní na kúpele Thermia Palace vpravo v pozadí. Vľavo v pozadí vidno časť kúpeľov Irma. Vľavo v pozadí je kúpeľný park. V popredí je trávnatá plocha ohradená dreveným zábradlím. Vľavo v hornom rohu zábeu je konár listnatého stromu. Vpravo v dolnom rohu trčia do háberu...
| Format: | Photo |
|---|---|
| Language: | Slovak German |
| PhysicalDescription: | 1 pohľadnica tónovaná do hneda 9 x 14 cm |
| Published: |
Piešťany
Hilda Herzog
[medzi 1905 a 1945?]
|
| Subjects: |
MARC
| LEADER | 00000nkm a2200000 a 4500 | ||
|---|---|---|---|
| 001 | vtls011787580 | ||
| 003 | SK-MaSNL | ||
| 005 | 20260301223845.0 | ||
| 007 | kf ao | ||
| 008 | 230718q1905 xo g kuslo | ||
| 015 | |a SNBG | ||
| 035 | |a urn:nbn:sk:snk-km00dq9r | ||
| 035 | |a urn:nbn:sk:snk-km3lx4a | ||
| 035 | |a 515545F9-9147-4CE6-B57A-9D877372EDBF | ||
| 040 | |a SNK |b slo |c SNK |e AACR2 | ||
| 041 | 0 | |a slo |a ger | |
| 043 | |a e-xo--- | ||
| 044 | |a xo |c SK | ||
| 072 | 7 | |a 913 |x Regionálna geografia |2 konspekt | |
| 080 | |a 913(437.6) |2 2011 | ||
| 080 | |a 711.455:615.838 |2 2011 | ||
| 080 | |a (084.121) |2 2011 | ||
| 080 | |a 614.2:[725.1:614.21] |2 2011 | ||
| 080 | |a 640.412 |2 2011 | ||
| 080 | |a 712.253 |2 2011 | ||
| 245 | 0 | 0 | |a Kúpeľe Piešťany |h grafika |b Hôtel Thermia |
| 246 | 3 | 1 | |a Bad Pistyan |b Thermia Palace |
| 260 | |a Piešťany |b Hilda Herzog |c [medzi 1905 a 1945?] |e [Hradec Králové?[ |f VR Hr Kr | ||
| 300 | |a 1 pohľadnica |b tónovaná do hneda |c 9 x 14 cm | ||
| 500 | |a Názvové údaje prevzaté z obrazovej časti pohľadnice | ||
| 520 | 8 | |a Zobrazenie: Pohľad v bielom orámovaní na kúpele Thermia Palace vpravo v pozadí. Vľavo v pozadí vidno časť kúpeľov Irma. Vľavo v pozadí je kúpeľný park. V popredí je trávnatá plocha ohradená dreveným zábradlím. Vľavo v hornom rohu zábeu je konár listnatého stromu. Vpravo v dolnom rohu trčia do háberu konáre ihličnatého stromu | |
| 546 | |a Súbežný názov a podnázov v nem. | ||
| 650 | 0 | 7 | |a kúpele |2 SNKPH |9 1139 |
| 650 | 0 | 7 | |a liečebne |2 SNKPH |9 56920 |
| 650 | 0 | 7 | |a hotely |2 SNKPH |9 18422 |
| 650 | 0 | 7 | |a parky |2 SNKPH |9 2942 |
| 651 | 7 | |a Piešťany (Slovensko) |2 SNKPHgeo |9 23981 | |
| 655 | 7 | |a miestne pohľadnice |2 SNKPH |9 70510 | |
| 852 | |a Slovenská národná knižnica | ||
| 954 | |a pohľadnice pôvodné (slovenské) |2 lita | ||
| 954 | |a pohľadnice cudzojazyčné (svetové) |2 lita | ||
| 958 | |a OND | ||
| 958 | |a GBN | ||
| 958 | |a GC | ||
| 958 | |a EUIPO | ||
| 999 | |c 945113 |d 947043 | ||
| 952 | |a SNK |b SNK |y PREZ |7 0 |p 17A1289009 |o snkSP 33504 |0 0 |1 0 |4 0 |d 2018-10-24 |f 1 |l 0 |r 2026-02-24 09:31:05 |w 2026-02-24 | ||


